Bürgerliches Gesetzbuch für das deutsch Reich neben Einführungsgesetz
Saved in:
| Hovedforfatter: | |
|---|---|
| Format: | Bog |
| Sprog: | tysk fransk |
| Udgivet: |
Estrasburgo
Imprimerie Strasbourgeoise
1909
|
| Udgivelse: | 3a. ed |
| Fag: | |
| Tags: |
Tilføj Tag
Ingen Tags, Vær først til at tagge denne postø!
|
MARC
| LEADER | 00000nam a2200000 a 4500 | ||
|---|---|---|---|
| 001 | UCS1741 | ||
| 003 | CL-VaPUC | ||
| 008 | 970515e19090000FR |||||||||||||||||ger|d | ||
| 041 | 0 | 7 | |a ger |2 CL-VaPUC |
| 041 | 0 | 7 | |a fre |2 CL-VaPUC |
| 082 | 0 | 4 | |a 346.43 |b GRU |2 21 |
| 100 | 0 | |a Gruber, Jules |e author |9 386475 | |
| 245 | 1 | 0 | |a Bürgerliches Gesetzbuch für das deutsch Reich neben Einführungsgesetz |
| 246 | 1 | 0 | |a Code civil pour l'empire d'allemagne avec la loi d'introduction |
| 250 | |a 3a. ed | ||
| 300 | |a 1030 p | ||
| 942 | |c BK | ||
| 945 | |d 19970515 00:00:00 |a paguirre | ||
| 260 | |a Estrasburgo |b Imprimerie Strasbourgeoise |c 1909 | ||
| 650 | 0 | |a Derecho civil |9 255013 | |
| 650 | 7 | |a PERSONA |2 CL-VaPUC |9 327934 | |
| 650 | 0 | |a Obligaciones |9 255578 | |
| 650 | 0 | |a Familias |9 255641 | |
| 650 | 0 | |a Derecho de familia |9 255603 | |
| 650 | 0 | |a Derecho sucesorio |9 255015 | |
| 651 | 0 | |a Alemania |9 255688 | |
| 583 | |a last modification |c 19970515 00:00:00 |k Rodrigo Vera | ||
| 999 | |c 259773 |d 259771 | ||
| 952 | |0 0 |1 0 |4 0 |6 346_430000000000000_GRU_1909 |7 0 |8 X |9 285088 |a BIBDER |b BIBDER |d 2019-11-19 |i 1850458 |o 346.43 GRU 1909 |p 1850458 |r 2023-01-25 |w 2019-11-19 |y BK_X |k DER | ||
| 952 | |0 0 |1 0 |4 0 |6 346_430000000000000_GRU_1909 |7 0 |8 DER_ROM |9 285089 |a BIBDER |b BIBDER |d 2019-11-19 |i 1887300 |o 346.43 GRU 1909 |p 1887300 |r 2023-01-25 |w 2019-11-19 |x Ubicación 4to piso |y BK_X |z Este recurso debe solicitarse con anticipación |k DER | ||